01386pab a2200169 454500008004000000100002400040245009400064260000900158300001500167362000800182520091500190650001401105650001501119700001701134700002001151773004501171180718b2015 xxu||||| |||| 00| 0 eng d aMoynihan, Donald P. aA life worth living: evidence on the relationship between pro-social values and happiness c2015 ap.311-326. aMay aEmployees with a desire to help others provide benefits to their organization, clients, and fellow workers, but what do they get in return? We argue that the prosocial desire to help others is a basic human goal that matters to an individual's happiness. We employ both longitudinal and cross-sectional data to demonstrate that work-related prosocial motivation is associated with higher subjective well-being, both in terms of current happiness and life satisfaction later in life. Cross-sectional data also suggest that perceived social impact (the belief that one's job is making a difference) is even more important for happiness than the prosocial desire to help. The results show that the relationship between prosocial motivation and happiness is not limited to government employees, suggesting that in this aspect of altruistic behavior, public and private employees are not so different. - Reproduced. aEmployees aMotivation aEnami, Kohei aDeleire, Thomas aAmerican Review of Public Administration